New Tech Computer Course/ (Record no. 194130)

MARC details
000 -LEADER
fixed length control field 00531nam a22001817a 4500
005 - DATE AND TIME OF LATEST TRANSACTION
control field 20221208104436.0
010 ## - LCCN (DPL NO)
LC control number ENG-135769
020 ## - INTERNATIONAL STANDARD BOOK NUMBER
International Standard Book Number 978-93-82432-70-8
Terms of availability 195.00
035 ## - SYSTEM CONTROL NUMBER
System control number EN-119301
037 ## - SOURCE OF ACQUISITION
Source of stock number/acquisition DBAD/PUB
082 ## - DEWEY DECIMAL CLASSIFICATION NUMBER
Classification number 004
100 ## - MAIN ENTRY--PERSONAL NAME
Personal name Rajput, Shyam Singh
245 ## - TITLE STATEMENT
Title New Tech Computer Course/
Statement of responsibility, etc Shyam Singh Rajput and Ajay Kumar Sharma
260 ## - PUBLICATION, DISTRIBUTION, ETC. (IMPRINT)
Place of publication, distribution, etc Kanpur
Name of publisher, distributor, etc Aman Prakashan
Date of publication, distribution, etc 2013-14
270 ## - ADDRESS
Address 104A/80C Rambagh
City Kanpur
Postal code 208012
300 ## - PHYSICAL DESCRIPTION
Extent 279p.
Dimensions 22cm(pbk)
942 ## - ADDED ENTRY ELEMENTS (KOHA)
Source of classification or shelving scheme Dewey Decimal Classification
Item type English Books
Call number suffix RAJ
Classification part 004
Holdings
Withdrawn status Lost status Not for loan Collection code Home library Current library Date acquired Source of acquisition Cost, normal purchase price Full call number Barcode Copy number Cost, replacement price Koha item type
      Non-fiction Kadipur Kadipur 08/12/2022 DBAD/PUB 195.00 004 RAJ EN-119301 1 195.00 English Books

© Delhi Public Library
Hit Counter
free hit counter